000 00673nam a2200217Ia 4500
005 20260114165604.0
008 008 260114s9999 xx 000 0 eng d
020 _a9780838992586
037 _aEBOOK
040 _aCRL
_beng
040 _cCRL
041 _aeng
_2eng
084 _qARTS
100 _aBooth, Char
_9870704
245 0 _aReflective teaching, effective learning : instructional literacy for library educators
260 _bAmerican Library Association (ALA)
_c2011
650 _aHumanities and Social Science
_9870705
856 _uhttps://portal.igpublish.com/iglibrary/search/ALAB0000222.html
942 _cEBOOK
999 _c1470005
_d1470005